00436nam a2200145 i 4500001000300000245002600003260002100029040000800050041000800058942000700066008004100073999001700114856009800131952006100229bg 0aKonteneryzacja w NRD. aWarszawa,c1976. cBPK apol cKS s pl f |000 0 pol  c27461d27461 uhttp://koha.tu.koszalin.pl/cgi-bin/koha/opac-detail.pl?biblionumber=27461yKatalog online BPK 00104070aBPKbBPKcwo21206p01695427s2016-03-16yKS